Are we running out of time?

Štúdia o využívaní času tak pracovného, ako aj voľného, analýza problematiky trávenia času založená na argumente, že čím bohatšou sa spoločnosť stáva, tým menej má času na odpočinok a relaxáciu. V kontraste opačný názor o tom, že vo vysoko rozvinutých krajinách sa naďalej rozvíja "spoločnosť nepracu...

Descrizione completa

Salvato in:
Dettagli Bibliografici
Autore principale: Gershuny, J.
Natura: Capitolo di libro
Lingua:inglese
Soggetti:
Tags: Aggiungi Tag
Nessun Tag, puoi essere il primo ad aggiungerne!!

MARC

LEADER 00000naa a2200000 4500
001 r008635
005 20221213084911.6
041 0 |a eng 
044 |a GB 
245 1 0 |a Are we running out of time?  |c J. Gershuny 
520 |a Štúdia o využívaní času tak pracovného, ako aj voľného, analýza problematiky trávenia času založená na argumente, že čím bohatšou sa spoločnosť stáva, tým menej má času na odpočinok a relaxáciu. V kontraste opačný názor o tom, že vo vysoko rozvinutých krajinách sa naďalej rozvíja "spoločnosť nepracujúcich" alebo "spoločnosť s nadbytkom voľného času". Dlhodobé perspektívy tohto typu spoločnosti. Posuny vo využívaní tak pracovného, ako aj voľného času v dlhodobej perspektíve. 
610 2 0 |a využitie času voľného 
610 2 0 |a využitie času pracovného 
610 2 0 |a rozvoj hospodársky 
610 2 0 |a relaxácia 
610 2 0 |a doba pracovná 
610 2 0 |a prognózy 
610 2 0 |a porovnanie štatistické medzinárodné 
100 1 |a Gershuny, J.